| 000 -LEADER |
| fixed length control field |
00739cam a2200217 a 4500 |
| 020 ## - INTERNATIONAL STANDARD BOOK NUMBER |
| ISBN |
9780073051628 |
| 040 ## - CATALOGING SOURCE |
| Transcribing agency |
DLC |
| 082 ## - DEWEY DECIMAL CLASSIFICATION NUMBER |
| Classification number |
591 HIL 2009 A061 Or. |
| 100 1# - MAIN ENTRY--AUTHOR NAME |
| Personal name |
Lytle, Charles F. |
| 245 10 - TITLE STATEMENT |
| Title |
General zoology laboratory guide / |
| 250 ## - EDITION STATEMENT |
| Edition statement |
15th ed. |
| 260 ## - PUBLICATION, DISTRIBUTION, ETC. (IMPRINT) |
| Place of publication |
Boston : |
| Name of publisher |
McGraw Hill Higher Education, |
| Year of publication |
c2009. |
| 300 ## - PHYSICAL DESCRIPTION |
| Number of Pages |
xxiv, 376 p. : |
| Other physical details |
ill. (chiefly col.) ; |
| Dimensions |
28 cm. |
| 500 ## - GENERAL NOTE |
| General note |
Rev. ed. of: General zoology laboratory guide / by J.E. Wodsedalek. |
| 650 #0 - SUBJECT ADDED ENTRY--TOPICAL TERM |
| Topical Term |
Zoology |
| 700 1# - ADDED ENTRY--PERSONAL NAME |
| Personal name |
Meyer, John R. |
| 700 1# - ADDED ENTRY--PERSONAL NAME |
| Personal name |
Wodsedalek, Jerry Edward, |
| 856 41 - ELECTRONIC LOCATION AND ACCESS |
| Uniform Resource Identifier |
http://www.loc.gov/catdir/enhancements/fy1009/2010286007-t.html |
| 856 42 - ELECTRONIC LOCATION AND ACCESS |
| Uniform Resource Identifier |
http://www.loc.gov/catdir/enhancements/fy1009/2010286007-d.html |
| 942 ## - ADDED ENTRY ELEMENTS (KOHA) |
| Koha item type |
សៀវភៅភាសាអង់គ្លេស |
| 952 ## - LOCATION AND ITEM INFORMATION (KOHA) |
| Withdrawn status [LOCAL, KOHA] |
0 |